Les 30 joueurs les plus capés en équipe de France de foot - Statistiques

Statistiques générales
  • Ce quiz a été pris 1 165 fois
    1 091 depuis la dernière actualisation
  • Le résultat moyen est 20 sur 30
Statistiques - réponses
Nombre de sélections Période en équipe de France Joueur % Correct
118 2008- Hugo Lloris
97%
83 2014- Antoine Griezmann
95%
108 1994-2006 Zinédine Zidane
94%
123 1997-2010 Thierry Henry
93%
102 2011- Olivier Giroud
92%
142 1994-2008 Lilian Thuram
88%
103 1989-2000 Didier Deschamps
86%
81 2007- Karim Benzema
84%
72 2013- Paul Pogba
84%
68 2013- Raphaël Varane
82%
87 1994-2006 Fabien Barthez
80%
97 1989-2000 Laurent Blanc
80%
72 1976-1987 Michel Platini
79%
81 2006-2014 Franck Ribéry
75%
116 1993-2004 Marcel Desailly
74%
71 1998-2008 David Trezeguet
72%
97 1992-2004 Bixente Lizarazu
70%
107 1997-2009 Patrick Vieira
69%
81 2004-2016 Patrice Evra
62%
84 2010- Blaise Matuidi
60%
71 1995-2008 Claude Makélélé
54%
82 1993-2002 Youri Djorkaeff
54%
79 1996-2004 Robert Pires
46%
69 1998-2010 Nicolas Anelka
44%
92 1999-2006 Sylvain Wiltord
37%
80 2004-2012 Florent Malouda
35%
84 2002-2010 William Gallas
35%
67 2004-2013 Eric Abidal
31%
82 1982-1992 Manuel Amoros
21%
76 1976-1986 Maxime Bossis
12%
Aucun quiz correspondant
Distribution des résultats
% des personnes avec chaque résultat
Percentile par nombre de réponses
Votre historique - résultats
Vous n’avez pas pris ce quiz depuis la dernière actualisation